Disney Villains Last Words: Live-Action - Statistics

General Stats
  • This quiz has been taken 36 times
  • The average score is 4 of 10
Answer Stats
Hint Answer % Correct
No, no. Let me explain. I was trying to fool him. We will rule together! Scar
81%
Don't let me go. Please. I'll do anything. Don't hurt me, beast. Gaston
76%
You already have, Luke. You were right. You were right about me. Tell your sister... you were right. Darth Vader
62%
Did you think I would let you grow old? Either I'll devour you or the red flower will! It's just a matter of time. How long did you really think you'd survive against me?Longer than your father did? Longer than.... Akela?! Shere Khan
57%
So long lover boy! Ursula
52%
Calypso Davy Jones
38%
YOU LIE!! Evil Queen
33%
How about this: 'And they all lived happily ever after.' Well, at least I did. Narissa
19%
I didn’t kill him… you did. Kiros
10%
Bad trade? Latham Cole
10%
No matching quizzes found
Score Distribution
Percent of People with Each Score
Percentile by Number Answered
Your Score History
You have not taken this quiz